Congreso Internacional de Higiene y Demografía (Registro nro. 153242)

Detalles MARC
000 -LEADER
campo de control de longitud fija 00720nam a22001695i 4500
001 - NÚMERO DE CONTROL
campo de control 153242
003 - IDENTIFICADOR DE NÚMERO DE CONTROL
campo de control ES-MaACL
005 - FECHA Y HORA DE LA ÚLTIMA TRANSACCIÓN
campo de control 20230906205104.0
008 - DATOS DE LONGITUD FIJA--INFORMACIÓN GENERAL
campo de control de longitud fija 980630s1897 sp |||| | spa d
111 2# - ENTRADA PRINCIPAL--NOMBRE DE CONGRESO/REUNIÓN
Nombre de congreso/reunión o jurisdicción como elemento de entrada Congreso Internacional de Higiene y Demografía (
Número del congreso/reunión o número de parte o sección 9ª.
Fecha del congreso o de la firma del tratado 1898.
Sede del congreso/Lugar de la reunión Madrid)
9 (RLIN) 135086
245 10 - MENCIÓN DEL TÍTULO
Título Congreso Internacional de Higiene y Demografía
Resto del título : programa reglamento de la exposición anexa.
260 ## - PUBLICACIÓN, DISTRIBUCIÓN, ETC.
Lugar de publicación, distribución, etc. Madrid :
Nombre del editor, distribuidor, etc. [s.n.],
Fecha de publicación, distribución, etc. 1897 (
Fabricante Imp. de Emilio Minuesa)
300 ## - DESCRIPCIÓN FÍSICA
Extensión 10 p. ;
Dimensiones 16 cm.
650 #4 - PUNTO DE ACCESO ADICIONAL DE MATERIA--TÉRMINO DE MATERIA
Término de materia o nombre geográfico como elemento de entrada Higiene-
Subdivisión de forma Congresos y asambleas.
9 (RLIN) 161772
650 #4 - PUNTO DE ACCESO ADICIONAL DE MATERIA--TÉRMINO DE MATERIA
Término de materia o nombre geográfico como elemento de entrada Demografía-
Subdivisión de forma Congresos y asambleas.
9 (RLIN) 161771
852 ## - LOCALIZACIÓN
Ubicación ES-MaACL
Número de control de estantería T-763-F-3
Nota libre - Enc. hol., conservando cub. original
-- - Enc. en un vol. facticio
Existencias
Estatus retirado Estado de pérdida Estado de daño No para préstamo Colección Biblioteca de origen Biblioteca actual Ubicación en estantería Fecha de adquisición Total de préstamos Signatura topográfica completa Código de barras Visto por última vez Precio de reemplazo Tipo de ítem Koha
        Colección de folletos Biblioteca del Ateneo de Madrid Biblioteca del Ateneo de Madrid Depósito folletos 17/01/2008   T-763-F-3 1160129 23/02/2023 23/02/2023 Folleto